Unternehmensbewertungen Methoden, Übersichten und Fakten für Praktiker

Salvato in:
Dettagli Bibliografici
Autore principale: Seppelfricke, Peter
Natura: Libro
Lingua:tedesco
Pubblicazione: Stuttgart Schäffer-Poeschel 2020
Edizione:1. Auflage
Soggetti:
Tags: Aggiungi Tag
Nessun Tag, puoi essere il primo ad aggiungerne!!

MARC

LEADER 00000nam a2200000 4500
001 0264355
005 20230317102315.7
020 |a 978-3-7910-4734-8 
041 0 |a ger 
044 |a DE 
245 1 0 |a Unternehmensbewertungen  |b Methoden, Übersichten und Fakten für Praktiker  |c Peter Seppelfricke 
250 |a 1. Auflage 
264 1 |a Stuttgart  |b Schäffer-Poeschel  |c 2020 
300 |a 470 s. 
610 2 0 |a podnik 
610 2 0 |a oceňovanie 
610 2 0 |a metódy ohodnocovania 
610 2 0 |a akcie 
610 2 0 |a výkony podnikové 
610 2 0 |a financie 
610 2 0 |a prognózy 
610 2 0 |a vývoj podniku 
610 2 0 |a modelovanie 
610 2 0 |a hodnota podniku 
100 1 |a Seppelfricke, Peter